Letras uruguayas. / (Registro nro. 10144)
[ vista simple ]
| 000 -CABECERA | |
|---|---|
| campo de control de longitud fija | 00585cam a22001691 4500 |
| 001 - NÚMERO DE CONTROL | |
| campo de control | 000010385 |
| 005 - FECHA Y HORA DE LA ÚLTIMA TRANSACCIÓN | |
| campo de control | 20200929162227.0 |
| 008 - DATOS DE LONGITUD FIJA--INFORMACIÓN GENERAL | |
| campo de control de longitud fija | 761213r1967 uy 000 0 spa |
| 040 ## - FUENTE DE LA CATALOGACIÓN | |
| Centro catalogador/agencia de origen | DO-SdBNP |
| Lengua de catalogación | spa |
| Centro/agencia transcriptor | BNPHU |
| 100 1# - ENTRADA PRINCIPAL--NOMBRE DE PERSONA | |
| Nombre de persona | Gallinal, Gustavo, |
| Fechas asociadas al nombre | 1889-1951. |
| 9 (RLIN) | 16303 |
| 245 10 - MENCIÓN DE TÍTULO | |
| Título | Letras uruguayas. / |
| Mención de responsabilidad, etc. | Prólogo de Carlos Real de Azua. |
| 260 ## - PUBLICACIÓN, DISTRIBUCIÓN, ETC. | |
| Lugar de publicación, distribución, etc. | Montevideo : |
| Nombre del editor, distribuidor, etc. | Biblioteca Artigas, |
| Fecha de publicación, distribución, etc. | 1967. |
| 300 ## - DESCRIPCIÓN FÍSICA | |
| Extensión | xxv, 402 p. ; |
| Dimensiones | 20 cm. |
| 490 1# - MENCIÓN DE SERIE | |
| Mención de serie | Coleccion de clasicos uruguayos, |
| Designación de volumen o secuencia | v. 125 |
| 700 1# - PUNTO DE ACCESO ADICIONAL--NOMBRE DE PERSONA | |
| Nombre de persona | Real de Azua, Carlos |
| Término indicativo de función/relación | pról. |
| 9 (RLIN) | 25398 |
| 830 #0 - PUNTO DE ACCESO ADICIONAL DE SERIE-TÍTULO UNIFORME | |
| Título uniforme | Coleccion de clasicos uruguayos, |
| Designación de volumen o secuencia | 125 |
| 9 (RLIN) | 25399 |
| Estado de retiro | Estado de pérdida | Restricciones de uso | No para préstamo | Código de colección | Localización permanente | Ubicación/localización actual | Ubicación en estantería | Fecha de adquisición | Número de inventario | Total de préstamos | Signatura topográfica completa | Código de barras | Fecha visto por última vez | Precio válido a partir de | Tipo de ítem Koha |
|---|---|---|---|---|---|---|---|---|---|---|---|---|---|---|---|
| Préstamo interno | Préstamo restrigido | Monografías: Libros y Folletos | General | General | En encuadernación | 06.10.2009 | LF1 | v.1 | 10385-10 | 25.06.2020 | 25.06.2020 | Préstamo interno |
